000 01412nam a22003497a 4500
003 CHAP
005 20220817044235.0
008 081208s2007 mx ab r 00010 spa d
010 _a95471
011 _a96443
035 _a107096
040 _cCHAP
082 0 4 _a320.972
_bM57
110 0 _aMéxico
_bSenado de la República
_976641
245 1 0 _aTrabajos del Palacio de minería para la reforma del Estado :
_bley para la reforma del Estado
_c/por Senado de la República
260 _aMéxico :
_bSenado de la República,
_c2007
300 _av. :
_bilus., gráfs. + 1CD (4 3/4 plg.)
500 _aConsulte CD en: www.ceres.chapingo.mx (Material complementario del libro impreso)
500 _aLa biblioteca tiene : v.1
590 _aBATCH-UPD
_b10
_c20130110
_lUCH01
_h0414
590 _aBATCH-UPD
_b10
_c20130410
_lUCH01
_h0048
590 _aBATCH-UPD
_b10
_c20130914
_lUCH01
_h1429
590 _aBATCH-UPD
_b10
_c20161124
_lUCH01
_h1713
590 _aCONVERSION
_b10
_c20130109
_lUCH01
_h1353
650 1 4 _aPolítica social
_zMéxico.
651 4 _aMéxico
_xPolítica y gobierno.
_976783
711 2 _aForos temáticos de Consulta Pública para la Reforma del Estado.
_942549
901 _aBK
942 _cLIBRO
949 _a320.972 M57
_bBC
_cLIBRO
_d33724002075256
_eLIBRO
_fv.1
_gDonaciØn
_h109958
_i107096
_sb
949 _a320.972 M57
_bBC
_cLIBRO
_d33724002103040
_eLIBRO
_fv.1 c.2
_gDonaciØn
_h110596
_i107096
_sb
999 _c95471
_d95471